[Event "EU-ch 2nd"]
[Site "Ohrid"]
[Date "2001.06.14"]
[Round "13"]
[White "Van Wely, Loek"]
[Black "Azmaiparashvili, Zurab"]
[Result "0-1"]
[WhiteElo "2670"]
[BlackElo "2670"]
[Annotator "Huzman,A"]
[PlyCount "126"]
[EventDate "2001.06.01"]
[EventType "swiss"]
[EventRounds "13"]
[EventCountry "YUG"]
[SourceTitle "CBM 084"]
[Source "ChessBase"]
[SourceDate "2001.09.13"]
[SourceVersion "1"]
[SourceVersionDate "2001.09.13"]
[SourceQuality "1"]

1. d4 d5 2. c4 dxc4 3. e4 e5 4. Nf3 Bb4+ 5. Nc3 exd4 6. Nxd4 Ne7 7. Bxc4 Nbc6
8. Be3 Nxd4 (8... O-O 9. Ndb5 $1) 9. Bxd4 O-O 10. O-O (10. a3 Ba5 11. O-O Ng6
12. Bc5 Re8 13. Qa4 Bh3 14. Qxa5 Qg5 (14... b6 $5) 15. g3 b6 16. Bxb6 Qf6 17.
Rfd1 Qf3 18. Bf1 Bxf1 19. Kxf1 Ne5 20. Bxc7 Qh1+ 21. Ke2 Qf3+ 22. Kf1 Qh1+ 23.
Ke2 Qf3+ 24. Ke1 $1 Nc4 25. Qd5 Nxb2 26. Ba5 $1 Rac8 27. Kf1 Nxd1 28. Rxd1 Rxc3
29. Bxc3 Qxc3 30. Rd3 $16 {1-0 Gruenberg,H-Penrose,J/corr 1988 (42)}) 10... Nc6
11. Be3 Qxd1 12. Rfxd1 Bxc3 13. bxc3 Be6 14. Be2 (14. Bxe6 fxe6 15. Rd7 Rf7 16.
Rad1 Raf8 $14) 14... Rfd8 (14... Ne5 15. f4 Ng4 (15... Bg4 16. Kf2 Bxe2 17.
Kxe2 Nc4 18. Rd7 $16) 16. Bd4 $36) 15. c4 Ne5 16. Rdc1 (16. c5 Rxd1+ 17. Bxd1 (
17. Rxd1 Bxa2 18. Bf4 f6 19. Bxe5 fxe5 20. Rd7 a5 21. Rxc7 a4 22. Rxb7 a3 23.
c6 Bd5 $19) 17... Rd8 $15) 16... b6 17. a4 (17. c5 $5 Nd3 $11) 17... Nd3 18.
Rc3 Nc5 19. f3 a5 $15 20. Kf2 Bd7 21. Bd1 (21. Bxc5 bxc5 22. Rd3 Bc6 23. Rxd8+
Rxd8 24. Rb1 Kf8 25. Ke3 Ke7 $15) 21... Bc6 22. Bc2 Rd7 23. g4 Rad8 24. Kg3 f6
25. h4 h6 26. g5 hxg5 27. hxg5 Kf7 28. Rca3 Rh8 29. Re1 fxg5 30. Bxg5 Rd4 $17
31. Bf4 Rxc4 32. Bb1 Rxa4 33. Rxa4 Bxa4 34. Bxc7 Rh6 35. f4 Rc6 36. Be5 Bb3 37.
f5 a4 38. Bb2 b5 39. e5 (39. Ba3 Na6 40. e5 b4 $17) 39... b4 40. e6+ Nxe6 41.
fxe6+ Bxe6 42. Rf1+ Kg8 43. Be4 (43. Rf4 Rb6 (43... Bc4 44. Rg4) (43... Rc4 44.
Rxc4 Bxc4 45. Be5 $11) 44. Bd4 Rb5 45. Be3 a3 46. Bd2 b3 47. Bb4 Rxb4 48. Rxb4
a2 49. Bxa2 bxa2 50. Ra4 Kf7 51. Kf4 Kf6 52. Ke3 g5 53. Kd2 g4 54. Ra5 $11)
43... Rc8 44. Rh1 Rc4 45. Kf3 a3 46. Be5 b3 47. Bh7+ (47. Rg1 b2 48. Rxg7+ Kf8
49. Rb7 $11) 47... Kf8 48. Rg1 b2 49. Bxg7+ Ke7 50. Be5 Bd5+ 51. Ke3 (51. Kf2
Rc1 (51... Be4 52. Bxe4 Rxe4 53. Rg7+ Ke6 54. Bxb2 axb2 55. Rb7 $11) (51... Rb4
52. Bb1 $11) 52. Re1 Kf7 53. Ke2 Ke6 54. Bc3 $11) 51... Rc1 52. Kf2 Bb3 53. Re1
Kf7 54. Bd3 Bc2 55. Bc4+ Kg6 56. Ba2 Kf5 57. Bd4 Bb3 58. Bxb2 axb2 59. Bb1+ $2
(59. Re2 Bc2 60. Ke3 b1=Q 61. Bxb1 Bxb1 $17 {/=}) 59... Kf4 60. Re4+ (60. Ke2
Rxe1+ $1 (60... Bc2 61. Kd2 Rxe1 (61... Rxb1 62. Rxb1 Bxb1 63. Kc3 $11) 62.
Kxc2 Re2+ 63. Kc3 Ke5 64. Bc2 $11) 61. Kxe1 Ke3 62. Bf5 Bc4 63. Bc2 Be2 $1 64.
Bb1 Bd3 65. Ba2 Bc2 66. Kf1 Kd2 $19) 60... Kg5 61. Re5+ Kf6 62. Re1 Bc2 63. Ba2
Ra1 0-1

[Event "EU-Cup 21st"]
[Site "Saint Vincent"]
[Date "2005.09.22"]
[Round "5.2"]
[White "Bologan, Viktor"]
[Black "Rublevsky, Sergei"]
[Result "1/2-1/2"]
[WhiteElo "2700"]
[BlackElo "2645"]
[Annotator "Huzman,A"]
[PlyCount "91"]
[EventDate "2005.09.18"]
[EventType "team-swiss"]
[EventRounds "7"]
[EventCountry "ITA"]
[SourceTitle "CBM 110"]
[Source "ChessBase"]
[SourceDate "2006.01.31"]
[SourceVersion "1"]
[SourceVersionDate "2006.01.31"]
[SourceQuality "1"]
[WhiteTeam "Tomsk 400"]
[BlackTeam "Kazan Ladya"]
[WhiteTeamCountry "RUS"]
[BlackTeamCountry "RUS"]

1. d4 d5 2. c4 dxc4 3. e4 e5 4. Nf3 Bb4+ 5. Nc3 exd4 6. Nxd4 Ne7 7. Bxc4 Nbc6
8. Be3 O-O 9. O-O (9. Ndb5 Ba5 10. O-O a6 11. Nd4 Nxd4 12. Bxd4 Qd6 13. Be3 Be6
14. Be2 (14. Qxd6 cxd6 15. Bxe6 fxe6 16. Rfd1 Rfd8 17. Rac1 Rac8 $11) 14...
Bxc3 15. bxc3 Qc6 16. Qd4 Rfd8 17. Qb4 Ng6 18. Rfd1 Ne5 19. Rd4 Rd6 20. Rad1 a5
21. Qa3 Nc4 $11 {1/2-1/2 Dao Thien Hai-Rublevsky,S/Khanty Mansyisk RUS 2005 
(27)}) (9. a3 {(Costa,L) [#]} Bxc3+ 10. bxc3 Na5 {[#]} 11. Be2 Ng6 12. O-O Qe7
13. Qc2 Ne5 $10 {Bareev-Ivanchuk, Dortmund 1992, 1995/ (27)}) 9... Nxd4 10.
Bxd4 (10. Qxd4 Qxd4 11. Bxd4 Nc6 12. Be3 Bxc3 13. bxc3 Re8 14. f3 Ne5 15. Bb3
Be6 16. Rfd1 b6 17. Bf4 Ng6 18. Bxc7 Rac8 19. Ba4 Rf8 20. Bd6 Rfd8 21. f4 $14 {
1-0 Sgouritsas,D-Tomashewski,P/IECC 2002/Telechess CBM 97 (31)}) 10... Nc6 11.
Be3 Bxc3 {Black decided to exchange the Nc3 which could be potentially very
dangerous.} (11... Ne5 12. Be2 (12. Bb3 Qh4 13. Nd5 Bd6 14. Bf4 c6 15. Bg3 Qh6
16. Ne3 $14) 12... Qh4 13. Qb3 $14) 12. bxc3 (12. Qxd8 Rxd8 13. bxc3 Na5 14.
Be2 Be6 $11) 12... Qe7 13. f3 (13. Qa4 Ne5 14. Be2 b6 15. Rad1 Bd7 16. Qa6 Bc8
$11) 13... Na5 14. Bd3 b6 {In my opinion this move is a lost of tempo.} ({
Black immediately had to start his counterplay by} 14... Be6 15. Qe2 Rad8 $132)
15. Qc2 Be6 16. e5 $1 $36 {White seized the initiative now.} h6 17. Rfe1 Rad8 (
17... Nc4 18. Bf2 Rad8 19. f4 $36) 18. f4 Bc4 19. Be4 Bd5 20. Bxd5 Rxd5 21. c4
$1 Rd7 22. c5 Rfd8 23. Rac1 b5 $1 {[%cal Ya5c4] Na5 was the only "bad" piece
of Black. So he brings the Na5 into the game by his last move.} 24. c6 Rd5 25.
Bxa7 Rd2 26. Qb1 Qa3 $44 27. Be3 (27. e6 $6 fxe6 28. Rxe6 (28. Qxb5 Qxa2 29.
Qf1 Nb3 $17) 28... Qxa2 29. Qxa2 Rxa2 $17) 27... Rb2 28. Qe4 Qxa2 (28... Nc4 $5
29. e6 (29. Bd4 Rxa2 30. e6 Qe7 $11) 29... Qe7 30. exf7+ Qxf7 31. Rcd1 Re8 32.
Qf3 Rxa2 $11) 29. Rcd1 (29. Red1 Re8 30. Rd7 Re2 (30... Nc4 31. Bd4 Re2 32. Qd5
Re6 33. Kh1 Qd2 34. Rg1 Qxf4 35. Qxb5 Rc2 36. Qb8+ Kh7 37. Qb1 Qe4 38. Rxf7 Nd2
39. Qb4 Rg6 $44) 31. Qf3 Nxc6 (31... b4 32. Kf1 Rc2 33. Rxc2 Qxc2 34. Qd5 Qc4+
35. Qxc4 Nxc4 36. Bd4 b3 37. Rxc7 b2 38. Bxb2 Nxb2 39. Rd7 Nc4 (39... Kh7 40.
c7 Rc8 41. Rxf7 Kg6 42. e6 Nc4 43. Ke2 $18) 40. c7 Nb6 41. Rd8 Kf8 42. f5 Nc8
43. f6 $18) 32. Qxc6 Rxe3 $11) 29... Re8 30. f5 {White is ready for the attack
on the king's side now.} (30. Rd7 Re2 31. Red1 Nc4 32. Rd8 Re1+ 33. Rxe1 Rxd8
34. Bc5 Nd2 $11) 30... Nc4 $2 ({Enough for equality was} 30... Re2 $5 31. e6 (
31. Qg4 Rxe1+ 32. Rxe1 Qc4 33. Qg3 Qxc6 34. e6 (34. f6 g6 35. Qf4 g5 $13))
31... Qc4 $1 $11) (30... Qc4 31. Bd4 Rb4 32. e6 $40) 31. Bd4 Rd2 32. e6 $40 Nd6
$2 (32... fxe6 33. f6 $18) (32... f6 $142 33. Ra1 Qc2 34. Qg4 Nd6 35. Bxf6 Nxf5
36. Qg6 $16) 33. Qg4 $2 (33. Rxd2 Qxd2 34. exf7+ Kxf7 35. Qd5+ Kf8 36. Bxg7+
$18) 33... f6 34. Bxf6 $6 (34. h3 Kh8 35. Rxd2 Qxd2 36. Rf1 Qc2 $132) 34...
Nxf5 35. Qxf5 (35. e7 Qa7+ 36. Kh1 Qf2 37. Rb1 Ng3+ 38. Qxg3 Qxg3 39. hxg3 gxf6
40. Rxb5 Kf7 $11) 35... Rxg2+ 36. Kf1 gxf6 (36... Rxh2 37. Qf3 gxf6 $11) 37.
Rd7 Rg7 $11 38. Rxg7+ Kxg7 39. Kg1 (39. Re3 Qb2 40. Rg3+ Kh8 41. Qg6 Qc1+ $11
42. Kg2 (42. Kf2 Qd2+ 43. Kf3 Qd5+ $11) 42... Qxc6+ 43. Kg1 $11 (43. Kh3 $2
Qxe6+ 44. Rg4 Re7 $19)) 39... Qd2 40. Re4 h5 $1 (40... Qc1+ 41. Kf2 Qb2+ 42.
Kg3 Re7 43. Qc5 Re8 $11) 41. Qxh5 Qc1+ 42. Kf2 Qd2+ 43. Kf1 Qc1+ 44. Kf2 Qd2+
45. Kf3 (45. Re2 Qf4+ 46. Qf3 Qxf3+ 47. Kxf3 f5 48. Kf4 Kf6 $11) 45... Qc3+ 46.
Kf2 1/2-1/2

[Event "Moscow Aeroflot op-A"]
[Site "Moscow"]
[Date "2005.02.22"]
[Round "8"]
[White "Sargissian, Gabriel"]
[Black "Kaidanov, Gregory S"]
[Result "1-0"]
[WhiteElo "2602"]
[BlackElo "2629"]
[Annotator "Huzman,A"]
[PlyCount "81"]
[EventDate "2005.02.15"]
[EventType "swiss"]
[EventRounds "9"]
[EventCountry "RUS"]
[SourceTitle "CBM 106"]
[Source "ChessBase"]
[SourceDate "2005.06.06"]
[SourceVersion "1"]
[SourceVersionDate "2005.06.06"]
[SourceQuality "1"]

1. d4 d5 2. c4 dxc4 3. e4 e5 4. Nf3 exd4 5. Bxc4 Nc6 6. O-O Be6 7. Bb5 Bc5 8.
Nbd2 Nge7 9. Nb3 Bb6 (9... Bxb3 10. Qxb3 Bb6 (10... O-O 11. Bf4 (11. Bxc6 $5)
11... Bb6 12. Rfe1 (12. Rfd1 $5 $44) 12... a6 13. Bd3 Ng6 14. Bg3 Qe7 15. e5
$44 {1/2-1/2 Romanishin,O-Roschina,T/Solin/Spilt 2002/CBM 93/[Huzman] (39)})
11. Bg5 O-O 12. Bxc6 bxc6 13. Ne5 Qd6 14. f4 Ng6 15. Nc4 Qc5 16. Rac1 Rae8 17.
f5 Ne5 18. f6 $44 {0-1 Denis,L-Gouliev,N/Sautron FRA 2004/(28)}) 10. Nbxd4 (10.
Nfxd4 Bd7 11. Be2 O-O 12. Be3 Nxd4 13. Nxd4 Nc6 14. Nc2 Qe7 {1/2-1/2 Tunik,
G-Zakharov,V/Tula 2000/EXT 2002 (14)}) 10... Bd7 (10... O-O 11. Nxe6 fxe6 12.
Bg5 Qxd1 13. Raxd1 $16 {1-0 Cavallieri,A-Uchoa,V/Brasilia 2002/CBM 86 ext (37)}
) 11. Nxc6 Bxc6 12. Qb3 (12. Qe2 O-O 13. Bg5 Qe8 14. Bxc6 (14. Bd3 Ng6 15. Bd2
Rd8 16. Rfe1 Kh8 17. Rad1 f6 18. h3 Qe7 19. a3 Ne5 20. Bb4 Bc5 $11 {1-0 Volkov,
S-Sasikiran,K/Dos Hermanas 2004/CBM 99 ext (47)}) 14... Nxc6 15. Rad1 Qe6 16.
a3 Rae8 17. Rde1 f5 18. e5 h6 19. Bd2 Ne7 20. Bb4 Rf7 21. Bxe7 Rfxe7 $15 {
0-1 Kuzmin,A-Rublevsky,S/Moscow 1996/CBM 52 ext (54)}) 12... O-O 13. Bg5 Bxb5
14. Qxb5 Qe8 15. a4 {As a result of this move White gets weak pawns on b2 and
b5, but he hopes that the pressure on the pawns a7 and c7 will compensate it.}
(15. Qb3 Ng6 {1/2-1/2 Romanishin,O-Solak,D/Athens GRE 2005/(15)}) 15... Qxb5 (
15... Ng6 $5 16. Qf5 c6 17. a5 (17. Rfd1 f6 18. Bd2 Ne5 19. a5 Nxf3+ (19... Bc7
20. Nd4 $14) 20. Qxf3 Bc7 21. a6 b6 22. Bf4 $14) 17... Bc7 18. a6 b6 19. Rfd1
f6 20. Be3 Ne5 21. Nxe5 Qxe5 22. Qxe5 Bxe5 23. f4 Bxb2 24. Ra2 Bc3 25. Rc2 Ba5
26. Rxc6 $16) 16. axb5 Ng6 17. Ra4 f5 18. Be3 fxe4 (18... Rae8 $1 19. Bxb6 axb6
20. Re1 Ne5 $11) 19. Rxe4 Rf5 (19... Rae8 20. Rxe8 Rxe8 21. Bxb6 axb6 $11) 20.
Rb4 (20. Bxb6 axb6 21. Nd4 Re5 $11) 20... Rd8 (20... Ne5 $5 21. Nxe5 (21. Nd4
Rf6 $11) 21... Rxe5 22. Bxb6 axb6 $11) 21. Rc1 Rdd5 (21... Ne5 22. Nxe5 Rxe5
23. Bxb6 axb6 $11) 22. Ra4 Rxb5 23. Bxb6 Rxb6 24. Rxc7 Rxb2 25. h4 $44 {
[%csl Rg8] The weakness of the Kg8 compensates Black's extra pawn.} a5 26. Rd4
Nf8 (26... Rf7 27. Rd8+ Nf8 28. Rcc8 $44) 27. Rd8 Rf7 28. Rcc8 a4 $2 {The
attempt to fight for advantage leads to a disaster for Black.} (28... Rf4 29.
Ra8 a4 30. Rd4 (30. Nd4 Rbxf2 $17 (30... Rfxf2 $11)) 30... Rxd4 31. Nxd4 Kf7
32. Rxa4 $15) 29. Ne5 Rf5 (29... Rfxf2 30. Nd3 $18) 30. f3 $16 g6 (30... a3 31.
Nd7 h6 32. Rxf8+ Rxf8 33. Rxf8+ Kh7 34. Ra8 a2 35. Kh2 Rc2 36. Nf8+ Kg8 37.
Ng6+ Kf7 38. Ne5+ Ke6 39. Nd3 $18) 31. Nd7 Kg7 32. Nxf8 a3 33. Rd7+ Rf7 34.
Ne6+ Kf6 35. Rxf7+ Kxe6 $4 (35... Kxf7 36. Ng5+ Ke7 37. Ra8 a2 38. Kh2 b5 39.
Ra7+ Ke8 (39... Kd6 40. Ne4+ Ke5 41. Nc3 $18) (39... Kd8 40. Ne6+ Kc8 41. Nc5
Rd2 42. Ne4 Rc2 43. Nd6+ Kb8 44. Nxb5 Rb2 45. Ra5 a1=Q 46. Rxa1 Rxb5 47. Rc1
$18) 40. Ne4 b4 41. Nc5 Rc2 42. Nb3 Rb2 43. Nc1 Rc2 44. Nxa2 b3 45. Rxh7 bxa2
46. Ra7 $18) 36. Rxh7 b5 37. Ra7 b4 38. Ra5 a2 39. Rb8 Kd6 40. Kh2 Kc7 41. Rxa2
1-0

[Event "EU-ch 2nd"]
[Site "Ohrid"]
[Date "2001.06.05"]
[Round "5"]
[White "Volkov, Sergey"]
[Black "Ponomariov, Ruslan"]
[Result "0-1"]
[WhiteElo "2558"]
[BlackElo "2673"]
[Annotator "Huzman,A"]
[PlyCount "86"]
[EventDate "2001.06.01"]
[EventType "swiss"]
[EventRounds "13"]
[EventCountry "YUG"]
[SourceTitle "CBM 084"]
[Source "ChessBase"]
[SourceDate "2001.09.13"]
[SourceVersion "1"]
[SourceVersionDate "2001.09.13"]
[SourceQuality "1"]

1. d4 d5 2. c4 dxc4 3. e4 c5 4. d5 Nf6 5. Nc3 b5 6. Bf4 Ba6 7. e5 b4 8. exf6
bxc3 9. bxc3 gxf6 10. Ne2 $146 (10. Rb1 Bg7 $1 (10... Qa5 11. Rxb8+ Rxb8 12.
Bxb8 Qxc3+ 13. Qd2 Qxd2+ 14. Kxd2 c3+ 15. Ke1 Bxf1 16. Kxf1 Bh6 17. Ne2 c2 18.
Bxa7 Kd7 19. Bxc5 Rb8 20. g3 c1=Q+ 21. Nxc1 Bxc1 22. Ke2 Rb2+ 23. Kd3 Rd2+ 24.
Kc3 Rxd5 25. Kc4 Kc6 26. Bxe7 $18 {1-0 Kopylov,M-Rausis,I/Hamburg GER 2001/ 
(40)}) 11. Qg4 $2 Qxd5 $1 12. Be2 Qe4 13. Rxb8+ Rxb8 14. Bxb8 Qb1+ 15. Bd1 O-O
16. Bc7 Rc8 17. Qf4 Qb7 18. Ba5 Qb5 19. Bc7 Qb2 $1 20. Ne2 e5 $17 {0-1
Khalifman,A-Ponomariov,R/Neum 2000}) (10. Bxc4 Bxc4 11. Qa4+ Nd7 12. Qxc4 Nb6
13. Qb5+ Qd7 14. Qxd7+ Kxd7 15. O-O-O Rd8 16. Ne2 Ke8 17. Be3 Nxd5 18. Bxc5 e6
19. Bd4 Rc8 20. Kc2 Bc5 $11 {1/2-1/2 Kuzmin,A-Volzhin,A/Dubai UAE 2001/ (46)})
10... Nd7 (10... Qa5 $5) 11. Qa4 Qb6 12. g3 (12. Ng3 Qb2 13. Rc1 Bb5 14. Qa5
Nb6 $17) 12... Qb5 13. Qc2 Nb6 14. Bg2 Bb7 15. Rd1 (15. Qf5 Rd8 16. Bc7 Qd7 17.
Qxd7+ Rxd7 18. Bxb6 axb6 19. Rb1 Rd6 20. a4 Ba8 21. a5 bxa5 22. Rb5 Bxd5 23.
Bxd5 Rxd5 24. Rxa5 Bh6 $17) 15... e6 $17 16. a4 (16. Rb1 Qa6 17. O-O Nxd5 $17)
16... Qxa4 (16... Qb3 17. Qxb3 cxb3 $19) 17. Qxa4+ Nxa4 18. O-O e5 19. Be3 Bd6
20. Bh6 Rg8 21. Be4 Nb6 22. f4 O-O-O 23. Bxh7 (23. fxe5 Bxe5 24. Ra1 Kb8 25.
Be3 h5 $1 $36) 23... Rge8 24. Bg7 $1 (24. fxe5 Bxe5 25. Bf5+ Kb8 $17) 24...
exf4 $1 25. Nxf4 Be5 26. Rc1 Bxd5 $1 27. Nh5 Bc6 {[%cal Yd8d2]} 28. Bxf6 Rd2
29. Rf2 Rxf2 30. Kxf2 Nd5 31. Be4 (31. Bxe5 $142 Rxe5 32. g4 $15) 31... Nxf6
32. Nxf6 Bxe4 33. Nxe8 $2 (33. Nxe4 Kd7 34. Ra1 Kc6 $1 35. Rxa7 Kd5 $17) 33...
Kd8 (33... Kd7 $1) 34. Re1 f5 $19 35. Re2 Kd7 (35... Kxe8 $2 36. g4 $1 {
[%cal Ge2e8]}) 36. g4 Bxc3 37. gxf5 Bxf5 {[%csl Re8]} 38. h4 Bd3 39. Ra2 Kxe8
40. Ke3 Bd4+ 41. Kd2 Bb1 42. Rxa7 c3+ 43. Kc1 Be4 0-1

[Event "RUS-ch sf 58th"]
[Site "Kazan"]
[Date "2005.09.06"]
[Round "4"]
[White "Volkov, Sergey"]
[Black "Rublevsky, Sergei"]
[Result "1/2-1/2"]
[WhiteElo "2622"]
[BlackElo "2645"]
[Annotator "Huzman,A"]
[PlyCount "102"]
[EventDate "2005.09.03"]
[EventType "swiss"]
[EventRounds "9"]
[EventCountry "RUS"]
[SourceTitle "CBM 109"]
[Source "ChessBase"]
[SourceDate "2005.11.14"]
[SourceVersion "1"]
[SourceVersionDate "2005.11.14"]
[SourceQuality "1"]

1. d4 d5 2. c4 dxc4 3. e4 e5 4. Nf3 Bb4+ 5. Nc3 exd4 6. Qxd4 Qxd4 7. Nxd4 Nf6
8. f3 Bc5 9. Be3 (9. Ndb5 Na6 10. Bf4 c6 (10... Be6 11. Bxc7 O-O 12. Bd6 (12.
Be2 Nb4 13. O-O-O a6 14. Bd6 Rfc8 15. Bxc5 Rxc5 16. Nd6 b5 17. a3 Nd3+ 18. Bxd3
cxd3 19. Rxd3 $16 {1-0 Dydyshko,V-Talla,V/Ostrava 1998/EXT 99 (37)}) 12... Rfc8
13. O-O-O Ne8 14. Bg3 Nb4 15. Nd4 Nd3+ 16. Bxd3 Bxd4 17. Be2 Bc5 18. f4 f5 19.
Bf3 Rab8 20. Rhe1 $14 {1-0 Begovac,F-Rueetschi,U/SUI 1993/TD (36)}) 11. Nd6+
Bxd6 12. Bxd6 Be6 13. O-O-O O-O-O 14. Be2 Nd7 15. Rd4 b5 16. Rhd1 Ndc5 17. f4
f6 18. e5 fxe5 {1/2-1/2 Adianto,U-Dlugy,M/Liepaja 2001/CBM 85 (18)}) 9... Nc6 (
9... O-O 10. Rd1 Nc6 11. Bxc4 Ne5 12. Bb3 Rd8 13. O-O b6 14. Nf5 Bxf5 15. Rxd8+
Rxd8 16. Bxc5 bxc5 17. exf5 c4 $15 {0-1 Trevis,R-Prieto,C/Chessfriend.com 2003/
Telechess CBM 95 (42)}) 10. Nc2 (10. Rd1 Bxd4 11. Bxd4 Nxd4 12. Rxd4 Be6 13.
Nb5 c5 14. Rd2 Ke7 15. Nc7 Rab8 16. Nxe6 fxe6 17. Bxc4 b5 18. Be2 c4 $11 {
0-1 Chow,A-Dlugy,M/Chicago 1989/EXT 99 (59)}) (10. Ncb5 Bb6 (10... Nxd4 11.
Bxd4 Bxd4 12. Nxd4 Be6 13. Nxe6 fxe6 14. Bxc4 Ke7 15. Kf2 Rad8 16. Rhd1 g5 17.
Ke3 c5 18. a4 $14 {1-0 Lobron,E-Dlugy,M/New York 1992/TD (46)}) 11. Nc2 $1 Ba5+
12. Bd2 Bb6 13. Bf4 a6 14. Bxc7 axb5 15. Bxb6 Be6 $11 {1/2-1/2 Sokolov,
I-Rublevsky,S/Poikovsky 2004/CBM 100/[Huzman] (29)}) 10... Bxe3 11. Nxe3 Be6
12. O-O-O (12. Bxc4 Bxc4 13. Nxc4 O-O-O {1/2-1/2 Dao Thien Hai-Charbonneau,P/
Calvia ESP 2004/(13)}) 12... Nd7 (12... O-O 13. Bxc4 Rad8 14. Bd5 Bxd5 15.
Nexd5 Nxd5 16. Nxd5 Ne5 17. Rd2 c6 $11 {1/2-1/2 Alburt,L-Leverett,B/Chicago
1989/EXT 97 (34)}) (12... Ne5 13. Nb5 (13. Be2 c6 14. f4 Neg4 15. Bxg4 Nxg4 16.
Nxg4 Bxg4 17. Rd4 b5 18. f5 f6 19. h3 Bh5 20. Rd6 Rc8 21. g4 Bf7 22. Rhd1 h5
$15 {0-1 Saint Amour,P-Kuchyna,S/ICCF Email 2001 (45)}) 13... O-O (13... Rc8
14. Nxa7 Ra8 15. Nb5 Rc8 16. Nd4 $1 (16. a3 Ke7 17. Nd4 g5 18. h4 h6 19. Nef5+
Bxf5 20. Nxf5+ Ke6 21. Kc2 Nfd7 22. g3 $16 {1/2-1/2 Seirawan,Y-Ivanchuk,V/
Roquebrune 1992/CBM 28 (65)}) 16... c3 17. bxc3 Bxa2 18. c4 $18 {1-0 Stein,
R-Bilsel,S/IECC 2000/Telechess CBM 89 (53)}) 14. Nxc7 Rac8 15. Nxe6 fxe6 16.
Kc2 Nfd7 17. Be2 Nc5 18. Rd6 b5 19. Kb1 Kf7 20. f4 Nc6 21. e5 Ke7 $15 {0-1
Kochetkov,G-Shevelev,A/Beersheba 1998/EXT 2000 (28)}) 13. Ncd5 O-O-O 14. Bxc4
Rhe8 15. Kb1 Ne7 (15... Nce5 $5 16. Be2 c6 17. Nf4 Nc5 $11) 16. Rc1 {[%mdl
4096]} c6 (16... Bxd5 17. Nxd5 (17. Bxd5 Nxd5 18. Nxd5 c6 $11) 17... c6 18. Ne3
(18. Nxe7+ Rxe7 $11) (18. Bb3 Ne5 $11) 18... Ne5 $11) 17. Rhd1 cxd5 $6 {
After this move a weakness in the camp of Black appears.} ({Black would have
got an equal game after} 17... Ng6 $5 18. Nc3 Nde5 $11) 18. exd5 Nxd5 19. Bxd5+
Kb8 20. Bxe6 fxe6 (20... Rxe6 21. Rd3 (21. Rc3 Rc8 22. Rxd7 Rxc3 23. bxc3 Rxe3
24. Rxf7 Re1+ 25. Kc2 Re2+ 26. Kd3 Rxg2 27. h4 $14) 21... g6 22. Rcd1 $36) 21.
Nc4 $14 Nf6 22. Rxd8+ $6 ({White had to prevent the exchange of rooks.} 22. Re1
$5 Rd4 23. Rc2 $14) 22... Rxd8 23. Re1 $6 (23. a4 $142 Rd4 24. b3 $14) 23...
Rd4 $1 $11 {Black has an equal game due to the active position of his Rd4.} 24.
Rc1 (24. b3 b5 25. Na3 Rd2 $11) 24... a6 (24... b5 $5 25. Ne3 (25. Ne5 Rd2 26.
Rc2 Rd1+ 27. Rc1 Rd2 $11) 25... Rd3 $132) 25. a3 g5 26. Rc2 h5 27. Ne5 Nd5 28.
Nd7+ Ka7 29. Nc5 Rd1+ 30. Ka2 Nf4 31. Ne4 (31. g3 Nd3 $11) 31... Nd3 32. Rd2
Rxd2 33. Nxd2 Kb6 $6 {Ka2 enters the game after this inaccurate move of Black.}
(33... Ne1 34. Ne4 (34. g3 g4 35. f4 Nf3 $17) (34. g4 hxg4 35. fxg4 Kb6 36. Kb3
Kc6 37. Kc4 e5 38. Ne4 b5+ 39. Kc3 Nf3 40. h3 Kd5 41. Kd3 Ne1+ $11) 34... g4 (
34... Nxg2 35. Nxg5 Nf4 36. Kb3 Kb6 37. Kc4 $14) 35. fxg4 hxg4 36. h3 Nxg2 (
36... gxh3 37. gxh3 $16) 37. hxg4 Kb6 38. Kb3 Kc6 39. Kc3 Kd5 $11) 34. Ne4 g4
35. fxg4 hxg4 36. Nf6 Ne5 (36... Nf2 37. Kb3 Kc5 38. Kc3 $14) 37. Kb3 Kc5 38.
Kc3 b5 39. b4+ Kd6 40. Kd4 Nc6+ 41. Kd3 (41. Ke4 a5 42. bxa5 Nxa5 43. Nxg4 Nc4
$132) 41... a5 42. bxa5 Nxa5 43. Nxg4 Nc4 44. Kc3 Nxa3 45. Ne3 (45. h4 $5 Ke7
46. Ne3 Kf6 47. Kb4 Nb1 48. Kxb5 Kg6 49. g4 Nd2 50. Kc5 Nf3 $11) 45... Ke5 46.
Kb4 (46. h4 Kf4 47. h5 Kg5 48. g4 e5 49. Kb4 Nb1 50. Kxb5 Nc3+ 51. Kc4 Ne4 52.
Kd5 Nf2 53. Kxe5 Nxg4+ 54. Nxg4 Kxh5 $11) 46... Kf4 $1 47. Nd1 (47. Nf1 Nc2+
48. Kxb5 Ne1 49. g3+ Kg4 50. Kc4 Nf3 51. Kd3 Nxh2 $11) 47... Nc2+ 48. Kxb5 Ne1
49. g3+ Kg4 50. Kc5 Kh3 51. Kd6 Kxh2 (51... Kxh2 52. g4 Kg3 53. g5 Nf3 54. g6
Nh4 $11) 1/2-1/2

[Event "RUS-ch sf 58th"]
[Site "Kazan"]
[Date "2005.09.09"]
[Round "7"]
[White "Bareev, Evgeny"]
[Black "Kharlov, Andrei"]
[Result "1-0"]
[WhiteElo "2688"]
[BlackElo "2619"]
[Annotator "Huzman,A"]
[PlyCount "67"]
[EventDate "2005.09.03"]
[EventType "swiss"]
[EventRounds "9"]
[EventCountry "RUS"]
[SourceTitle "CBM 109"]
[Source "ChessBase"]
[SourceDate "2005.11.14"]
[SourceVersion "1"]
[SourceVersionDate "2005.11.14"]
[SourceQuality "1"]

1. d4 d5 2. c4 dxc4 3. e4 Nf6 4. e5 Nd5 5. Bxc4 Nb6 6. Bd3 Nc6 7. Ne2 Nb4 8.
Be4 f5 9. exf6 exf6 10. O-O f5 11. Bf3 Bd6 (11... Be7 12. Qb3 a5 13. a4 N6d5
14. Nf4 c6 15. Nxd5 cxd5 16. Re1 Kf7 17. Bd2 $16 {1-0 Touzane,O-Nikitin,A/
Budapest 1995/CBM 50 ext (46)}) 12. Nbc3 O-O 13. a3 Nc6 14. Nb5 $1 $16 {
[%mdl 32] The pawn on f5 weakens the position of black decisively. After the
exchange of the Bd6 the main piece in the defence of Black disappears.} Ne7 (
14... f4 15. Re1 Qf6 16. Nec3 Bd7 17. Ne4 Qg6 18. Nc5 (18. a4 $5 $36) 18...
Nxd4 $1 19. Qxd4 Bxb5 20. Nxb7 Rae8 21. Bd2 $16) 15. Qb3+ Kh8 16. Nxd6 Qxd6 (
16... cxd6 17. a4 $1 a5 18. Bg5 $18) 17. Bf4 Qd8 18. Be5 (18. Rfe1 $5 c6 19. a4
Nbd5 20. Be5 a5 21. Nc3 $16) (18. a4 $5 Nbd5 19. Be5 c6 20. Nc3 $16) 18... Ng6
19. Rfe1 f4 20. a4 c6 21. a5 Nd5 22. Nc3 Nxc3 23. Qxc3 Nh4 ({After} 23... Nxe5
{White has a pleasant choise between} 24. dxe5 ({or} 24. Rxe5 Bd7 25. Rae1 $16)
24... Be6 25. a6 $16) 24. a6 $1 {[%mdl 4]} Nxf3+ 25. Qxf3 Kg8 $2 (25... Qd7
$142 26. Rac1 Kg8 $16) 26. Qb3+ Rf7 27. Bc7 (27. Bd6 $1 $18) 27... Qf8 (27...
Qd7 28. Bd6 $1 (28. Bxf4 bxa6 29. Bd6 $16) 28... Kh8 29. Re4 bxa6 (29... b6 30.
Bxf4 $18) 30. Rae1 Bb7 31. Be7 Rf5 32. Bc5 $16) 28. Bd6 $1 {[%mdl 64]} Qxd6 (
28... Qd8 29. Re7 $18) 29. Re8+ Qf8 30. Rae1 $1 g6 31. R1e7 Kg7 32. Rxf8 Rxe7
33. Qg8+ Kh6 34. h4 1-0